| 000 | 00404nam a2200181Ia 4500 | ||
|---|---|---|---|
| 008 | 210210b1946 xxu||||| |||| 00| 0 eng d | ||
| 041 | _aeng | ||
| 082 | _a821/613 | ||
| 100 | _aSITWELL (E) | ||
| 245 | _aSong of the cold | ||
| 260 |
_aLondon _bMacmillan & Co. Ltd. _c1946 |
||
| 650 | _athe | ||
| 650 | _aSong | ||
| 650 | _aof | ||
| 650 | _acold | ||
| 690 | _aEnglish Literature | ||
| 906 | _a011781 | ||
| 999 |
_c130488 _d130488 |
||